Espèces : Mustélidés - Statistiques

Statistiques générales
  • Ce quiz a été pris 61 fois
  • Le résultat moyen est 13 sur 58
Statistiques - réponses
Par images Réponse % Correct
Belette d'Europe
77%
Hermine
73%
Putois Commun
73%
Fouine
69%
Loutre d'Europe
69%
Ratel
65%
Blaireau Européen
60%
Glouton
58%
Loutre de Mer
58%
Loutre Géante
58%
Vison d'Europe
54%
Blaireau d'Amérique
48%
Vison d'Amérique
44%
Loutre Cendrée
35%
Putois à Pieds Noirs
35%
Blaireau Asiatique
31%
Loutre de Rivière
29%
Martre des Pins
27%
Zibeline
25%
Blaireau Japonais
23%
Loutre Marine
23%
Grison d'Allemand
19%
Martre à Gorge Jaune
19%
Martre à Tête Grise
19%
Loutre à Pelage Lisse
17%
Loutre à Cou Tacheté
15%
Martre d'Amérique
13%
Putois Marbré
13%
Blaireau à Gorge Blanche
10%
Pékan
10%
Belette de Sibérie
8%
Loutre à Joues Blanches
8%
Loutre à Longue Queue
8%
Martre du Japon
8%
Petit Grison
8%
Belette à Ventre Jaune
6%
Belette Colombienne
6%
Belette Malaise
6%
Blaireau-Furet de Bornéo
6%
Blaireau-Furet de Java
6%
Zorille du Désert
6%
Belette d'Égypte
4%
Belette de Patagonie
4%
Belette d'Indonésie
4%
Belette Tropicale
4%
Blaireau-Furet de Birmanie
4%
Loutre de Sumatra
4%
Loutre du Chili
4%
Martre de l'Inde du Sud
4%
Putois à Dos Rayé
4%
Putois du Japon
4%
Zorille Commune
4%
Belette à Longue Queue
2%
Belette Alpine
2%
Blaireau-Furet de Chine
2%
Poecilogale
2%
Putois des Steppes
2%
Blaireau-Furet du Cuc Phuong
0%
Aucun quiz correspondant
Distribution des résultats
% des personnes avec chaque résultat
Percentile par nombre de réponses
Votre historique - résultats
Vous n’avez pas pris ce quiz